Introduction to economics / (Record no. 1491)

MARC details
000 -LEADER
fixed length control field 00674cam a22001694a 4500
020 ## - INTERNATIONAL STANDARD BOOK NUMBER
ISBN 0324008791
050 00 - CALL NUMBER
Classification number HB171.5
Item number .L7135
100 1# - AUTHOR
Personal name Lieberman, Marc.
245 10 - TITLE
Title Introduction to economics /
Statement of responsibility, etc Marc Lieberman, Robert E. Hall.
260 ## - PUBLICATION INFORMATION
Place of publication Cincinnati, Ohio :
Name of publisher South Western College Pub.,
Year of publication c2000.
300 ## - DESCRIPTION
Number of Pages xvi, 536 p. :
Other physical details ill. (some col.) ;
Dimensions 26 cm.
500 ## - NOTES
General note Includes index.
505 ## - FORMATTED CONTENTS NOTE
Table of Content Preliminaries--<br/>Microeconomic decision makers --<br/>Markets, prices, and resource allocation --<br/>Macroeconomics : basic concepts --<br/>The behavior of the macroeconomy --<br/>International trade.
650 #0 - SUBJECTS
Topical Term Economics.
700 1# - OTHER AUTHORS
Personal name Hall, Robert Ernest,
942 ## - ADDED ENTRY ELEMENTS (KOHA)
Koha item type Books
Holdings
Withdrawn status Lost status Collection code Home library Current library Shelving location Date acquired Full call number Accession Number Copy number Koha item type
    Reference Methodist University Library Main Methodist University Library Main General Stacks 19/12/2017 HB171.5 .L7135 36734 1 Books
Copyright © 2026  MUG Library